| 000 | 00726nam a2200169 a 4500 | ||
|---|---|---|---|
| 082 | 0 | 0 |
_a363.731 _bAUT _cD |
| 245 | 0 | 0 |
_aAutomotive air pollution : _bissues and options for developing countries / _cAsif Faiz ... [et al.]. |
| 260 |
_aWashington, DC (1818 H St. NW, Washington 20433) : _bInfrastructure and Urban Development Dept., World Bank, _c[1990] |
||
| 300 |
_axviii, 109 p. ; _c28 cm. |
||
| 500 | _a"August 1990." | ||
| 500 | _aCover title. | ||
| 526 |
_a0 _b0 _c0 _d363_731000000000000_AUT |
||
| 650 | 0 |
_aAir _xPollution _xGovernment policy _zDeveloping countries. _938150 |
|
| 650 | 0 |
_aAutomobiles _xMotors _xExhaust gas _xEnvironmental aspects _zDeveloping countries. _938151 |
|
| 700 | 1 |
_aFaiz, Asif. _938152 |
|
| 942 |
_2ddc _cBK |
||
| 999 |
_c542804 _d542804 |
||